| 000 | 01006pam a22002774a 4500 | ||
|---|---|---|---|
| 008 | |||
| 020 | _a0821358480 (pbk.) | ||
| 049 | _aMAIN | ||
| 090 |
_aRC606.7 _bBAT |
||
| 245 | 0 | 0 |
_aBattling HIV/AIDS : _ba decision maker's guide to the procurement of medicines and related supplies / _cYolanda Tayler, editor. |
| 260 |
_aWashington, DC : _bWorld Bank, _c2004. |
||
| 300 |
_axxv, 152 p. : _bill. ; _c23 cm. |
||
| 500 | _aIncludes index. | ||
| 504 | _aIncludes bibliographical references. | ||
| 650 | 0 |
_aAntiretroviral agents _xPurchasing. |
|
| 650 | 0 |
_aAIDS (Disease) _xChemotherapy _xEconomic aspects. |
|
| 650 | 0 |
_aHIV infections _xChemotherapy _xEconomic aspects. |
|
| 650 | 0 |
_aPharmaceutical industry _zDeveloping countries. |
|
| 650 | 0 |
_aPharmaceutical policy _zDeveloping countries. |
|
| 700 | 1 | _aTayler, Yolanda. | |
| 907 |
_a.b10298332 _b24-09-13 _c13-06-11 |
||
| 003 | |||
| 005 | 20230120204104.0 | ||
| 040 | _cNUST | ||
| 942 |
_cBOOKS _kRC606.7 _mBAT |
||
| 999 |
_c116895 _d116895 |
||